Loading...

The essential joyce

Bibliografiske detaljer
Hovedforfatter: Levin, Harry
Format: Printed Book
Sprog:English
Udgivet: London : penguin , c1972.
LEADER 00437nam a22001337a 4500
008 170508b xxu||||| |||| 00| 0 eng d
020 |a 0140020098 
100 |a Levin, Harry 
245 |a The essential joyce 
260 |a London :  |b penguin ,  |c c1972. 
300 |b 549p. 
942 |c BK 
999 |c 199268  |d 199268 
952 |0 0  |1 0  |4 0  |6 823_912000000000000_LEV_E  |7 0  |9 220506  |a ENG  |b ENG  |c ST1  |d 2017-05-08  |i 7128  |l 0  |o 823.912 LEV/E  |p ENG7128  |r 2017-05-08  |w 2018-08-21  |y BK